Valentine's day [

Parental guidance is advisable for children below 13 years old (PG13)

Bibliographic Details
Main Author: Marshall, Garry
Format: Book
Published: s.l. : New Line Cinema , 2011
Subjects:

MARC

LEADER 00000cam a2200000 7i4500
001 0000166340
005 20120928.0
090 0 0 |a F   |b VAL 
100 0 |a Marshall, Garry 
245 1 4 |a Valentine's day [  |h digital video disc]   |c Garry Marshall 
260 |a s.l. :   |b New Line Cinema ,   |c 2011 
300 |a 1 digital video disc (124 minutes) :   |b col 
500 |a Library has 2 copies 
520 0 |a Parental guidance is advisable for children below 13 years old (PG13) 
650 0 0 |a Movies, English 
999 |a AV 30514   |b DIGITAL VIDEO DISC   |c PINJAMAN   |e PERPUSTAKAAN KOMUNITI PETALING JAYA 
999 |a AV 30515   |b DIGITAL VIDEO DISC   |c PINJAMAN   |e PERPUSTAKAAN KOMUNITI PETALING JAYA